[Event "Montigny le Bretonneux op 10th"]
[Site "Montigny le Bretonneux"]
[Date "2011.10.30"]
[Round "9"]
[White "Fouliard, Marc"]
[Black "Fouliard, Lisa"]
[Result "0-1"]
[WhiteElo "1490"]
[BlackElo "1170"]
[PlyCount "28"]
[EventDate "2011.10.22"]
[EventType "swiss"]
[EventRounds "9"]
[EventCountry "FRA"]
[SourceTitle "EXT 2012"]
[Source "ChessBase"]
[SourceDate "2011.11.24"]
[SourceVersion "1"]
[SourceVersionDate "2011.11.24"]
[SourceQuality "1"]

1. e4 c5 2. Nf3 d6 3. Nc3 Nc6 4. d4 cxd4 5. Nxd4 g6 6. Bd3 Nxd4 7. Be3 Nc6 8. Qd2 h6 9. 0-0 Nf6 10. Bxh6 Bxh6 11. f4 0-0 12. g3 d5 13. e5 Nxe5 14. fxe5 Bxd2 0-1

[Event "Montigny le Bretonneux op 10th"]
[Site "Montigny le Bretonneux"]
[Date "2011.10.22"]
[Round "1"]
[White "Fouliard, Anais"]
[Black "Fouliard, Lisa"]
[Result "1-0"]
[WhiteElo "1240"]
[BlackElo "1170"]
[PlyCount "42"]
[EventDate "2011.10.22"]
[EventType "swiss"]
[EventRounds "9"]
[EventCountry "FRA"]
[SourceTitle "EXT 2012"]
[Source "ChessBase"]
[SourceDate "2011.11.24"]
[SourceVersion "1"]
[SourceVersionDate "2011.11.24"]
[SourceQuality "1"]

1. e4 c5 2. Nc3 Nf6 3. Bc4 d6 4. f4 g6 5. Nf3 Nc6 6. 0-0 Na5 7. d3 Nxc4 8. dxc4 Bg7 9. Qe1 e6 10. Qh4 0-0 11. e5 Nh5 12. Qf2 dxe5 13. Nxe5 Qd4 14. Be3 Qd8 15. Bxc5 Re8 16. Rad1 Qa5 17. Ne4 b6 18. Bd6 Rd8 19. a3 Bb7 20. Rd2 Bxe4 21. Rfd1 Rac8 1-0